भारत में राष्ट्रवाद और सांप्रदायिक राजनीति (Record no. 298096)
[ view plain ]
| 000 -LEADER | |
|---|---|
| fixed length control field | 01081nam a2200253Ia 4500 |
| 003 - CONTROL NUMBER IDENTIFIER | |
| control field | OSt |
| 005 - DATE AND TIME OF LATEST TRANSACTION | |
| control field | 20220923211259.0 |
| 008 - FIXED-LENGTH DATA ELEMENTS--GENERAL INFORMATION | |
| fixed length control field | 220922b |||||||| |||| 00| 0 hin d |
| 020 ## - INTERNATIONAL STANDARD BOOK NUMBER | |
| International Standard Book Number | 9788179171103 (hbk) |
| 037 ## - SOURCE OF ACQUISITION | |
| Terms of availability | Textual |
| 040 ## - CATALOGING SOURCE | |
| Original cataloging agency | ARTS |
| Transcribing agency | ARTS |
| Language of cataloging | hin |
| 041 ## - LANGUAGE CODE | |
| Source of code | hin |
| Language code of text/sound track or separate title | hin |
| 100 ## - MAIN ENTRY--PERSONAL NAME | |
| Personal name | हसन, मुशीरूल; प्रधान, गोपाल, अनु. |
| 9 (RLIN) | 160139 |
| 245 #0 - TITLE STATEMENT | |
| Title | भारत में राष्ट्रवाद और सांप्रदायिक राजनीति |
| Remainder of title | 1885 - 193 |
| 246 ## - VARYING FORM OF TITLE | |
| Title proper/short title | Bhārat mean rāṣhṭravād aur sāanpradāyik rājanīti: 1885 - 1930 |
| 260 ## - PUBLICATION, DISTRIBUTION, ETC. | |
| Place of publication, distribution, etc. | दिल्ली |
| Name of publisher, distributor, etc. | गं्रथ शिल्पी |
| Date of publication, distribution, etc. | 2008 |
| 300 ## - PHYSICAL DESCRIPTION | |
| Extent | 336पृ. |
| Dimensions | cm. |
| 942 ## - ADDED ENTRY ELEMENTS (KOHA) | |
| Classification part | V2:3(Q).N5, 152P8 |
| Koha item type | Textual |
| Source of classification or shelving scheme | Colon Classification (CC) |
| Withdrawn status | Lost status | Damaged status | Not for loan | Home library | Current library | Date acquired | Source of acquisition | Cost, normal purchase price | Total Checkouts | Full call number | Barcode | Date last seen | Cost, replacement price | Price effective from | Koha item type |
|---|---|---|---|---|---|---|---|---|---|---|---|---|---|---|---|
| Arts Library | Arts Library | 2022-09-23 | 379, 11/02/2011, Swaraj Prakashan | 575.00 | V2:3(Q).N5 152P8 | AL1293451 | 2022-09-23 | 575.00 | 2022-09-23 | Textual |
